| 000 | 01271cam a2200361 i 4500 | ||
|---|---|---|---|
| 001 | 12864703 | ||
| 003 | EG-ScBUE | ||
| 005 | 20250728095945.0 | ||
| 006 | m||||fq||h 00| 0 | ||
| 008 | 020722t2003 flua f b 001 0 eng d | ||
| 020 | _a1566705193 (alk. paper) | ||
| 020 | _a9781566705196 | ||
| 040 |
_aDLC _beng _erda _cDLC _dC#P _dDLC _dEG-ScBUE |
||
| 082 | 0 | 4 |
_a543 _222 _bKEN |
| 100 | 1 |
_aKenkel, John, _eauthor. _929222 |
|
| 245 | 1 | 0 |
_aAnalytical Chemistry for Technicians / _cJohn Kenkel. |
| 250 | _aThird edition. | ||
| 264 | 1 |
_aBoca Raton : _bLewis Publishers, _c[2003] |
|
| 264 | 4 | _cc2003 | |
| 300 |
_a554 pages : _billustrations ; _c27 cm + _e1 CD |
||
| 336 |
_2rdacontent _atext _btxt |
||
| 336 |
_2rdacontent _asounds _bsnd |
||
| 337 |
_aunmediated _2rdamedia _bn |
||
| 337 |
_aaudio _2s _brdamedia |
||
| 338 |
_avolume _bnc _2rdacarrier |
||
| 338 |
_acomputer disc _bcd _2rdacarrier |
||
| 504 | _aIncludes bibliographical references and index. | ||
| 538 | _aSystem requirements: Pentium-based PC or compatible computer ; Window 95 or 98. | ||
| 650 | 7 |
_aChemistry, Analytic. _2BUEsh _929223 |
|
| 655 | _vReading book | ||
| 942 |
_2ddc _cBB |
||
| 999 |
_c16546 _d16546 |
||